| 000 | 00440nam a2200181 4500 | ||
|---|---|---|---|
| 003 | SEACOMMC | ||
| 005 | 20250801130432.0 | ||
| 008 | 250801b |||||||| |||| 00| 0 eng d | ||
| 020 | _a978-8182813526 | ||
| 040 | _aSEACOMMC | ||
| 082 |
_a332.45 _bG231Fe |
||
| 100 | _aGarg, Richa | ||
| 245 | _aForeign Exchange Management | ||
| 260 |
_aDelhi _bVrinda Publications _c2010 |
||
| 600 | _aRicha Garg | ||
| 650 | _aMANAGEMENT | ||
| 942 | _cBOOK | ||
| 999 |
_c1219 _d1219 |
||